Normal view
MARC view
Entry Personal Name
001 - CONTROL NUMBER
- control field: 3227
003 - CONTROL NUMBER IDENTIFIER
- control field: SLTCLib
005 - DATE AND TIME OF LATEST TRANSACTION
- control field: 20251209103650.0
008 - FIXED-LENGTH DATA ELEMENTS
- fixed length control field: 251209|| aca||aabn | a|a d
040 ## - CATALOGING SOURCE
- Original cataloging agency: SLTCLib
- Transcribing agency: SLTCLib
100 ## - HEADING--PERSONAL NAME
- Personal name: Baruah, Srinath
670 ## - SOURCE DATA FOUND
- Source citation: Work cat.: (SLTCLib): Baruah, Srinath, Basic Mathematics & its Application in Economics, 2001